000 00300nam a2200109Ia 4500
008 200302s9999 xx 000 0 und d
100 _aElaine Lewis
245 _aLess is More A Practical Guide to Maximizing the Space in your Home
260 _bPenguin Books Ltd.
260 _c1995
300 _a225 P.,
999 _c1027
_d1027